000 00432nam a2200157Ia 4500
008 230711s9999||||xx |||||||||||||| ||und||
041 _aENG
082 _a720
_bBI-N
100 _aBirnberg,Howard G. 
245 0 _aNew Directions in Architectural and Engineering Practice
250 _a1st Ed.
260 _c1992
_aNew York
_bMcGraw Hill Education(India) Private Limited
300 _a285
650 _aArchitecture
942 _cBK
999 _c2751
_d2751